The Eminem Quiz - Statistics

General Stats
  • This quiz has been taken 35,750 times
    25,822 since last reset
  • The average score is 15 of 27
Answer Stats
Hint Answer % Correct
His movie 8 Mile
90%
Rapper who discovered him Dr. Dre
82%
Song featuring Dido Stan
82%
Album The Slim Shady LP
79%
His hometown Detroit
77%
His daughter Hailie
76%
Album The Marshall Mathers LP
70%
His ex-wife Kim Scott
67%
Album The Eminem Show
59%
Album Recovery
57%
Person who, unlike Eminem, doesn't have to cuss to sell records Will Smith
57%
Album Kamikaze
56%
#1 Hit Lose Yourself
56%
Gay singer that he is friends with Elton John
55%
Album Encore
52%
Album Relapse
52%
The most famous rapper he discovered 50 Cent
50%
#1 Hit Love the Way You Lie
48%
Album The Marshall Mathers LP 2
47%
Album Revival
45%
#1 Hit The Monster
42%
His greatest hits album Curtain Call
41%
#1 Hit Not Afraid
41%
Album Infinite
38%
His hip-hop duo (with Royce da 5'9) Bad Meets Evil
36%
His middle name Bruce
35%
#1 Hit Crack a Bottle
16%
No matching quizzes found
Score Distribution
Percent of People with Each Score
Percentile by Number Answered
Your Score History
You have not taken this quiz since the last reset